| 000 | 00452nam a2200193Ia 4500 | ||
|---|---|---|---|
| 003 | OSt | ||
| 005 | 20251009102708.0 | ||
| 008 | 210210b2010 xxu||||| |||| 00| 0 eng d | ||
| 040 | _cAL | ||
| 041 | _aeng | ||
| 082 | _a346.065 RAMB | ||
| 100 |
_aB S Raman _9241845 |
||
| 245 | _aBusiness law BCom V Sem | ||
| 260 |
_aMangalore _bUnited Publishers, _c2010 |
||
| 300 | _a328 | ||
| 690 |
_aBusiness Law _9241851 |
||
| 906 | _a065560 | ||
| 942 |
_2ddc _cBK |
||
| 999 |
_c145408 _d145408 |
||